| 000 | 00547nam a2200193Ia 4500 | ||
|---|---|---|---|
| 005 | 20250508150846.0 | ||
| 008 | 008 250505s9999 xx 000 0 eng d | ||
| 037 | _aTextual | ||
| 040 |
_aFEDL _beng _cFEDL |
||
| 041 |
_aeng _2eng |
||
| 084 |
_a155.4, MAN _qFEDL |
||
| 100 |
_aManwell Elizabeth M. _9757840 |
||
| 245 | 0 | _aConsider the children : How they grow | |
| 260 |
_aBoston, USA _bThe Beacon Press _c1951 |
||
| 300 | _axiii,201p. | ||
| 650 | _aChild Psychology | ||
| 942 |
_cTEXL _h155.4, MAN |
||
| 999 |
_c1326135 _d1326135 |
||